The civilizations of the east : an indepth study of Asiatic Arts & cultures from the earliest timesto the dawn of modern era
| Main Author: | |
|---|---|
| Format: | Book |
| Published: |
New Delhi :
Aryan Books ,
1995
|
MARC
| LEADER | 00000cam a2200000 7i4500 | ||
|---|---|---|---|
| 001 | 0000008708 | ||
| 002 | 000009488 | ||
| 005 | 20000330.0 | ||
| 020 | |a 8173050627 | ||
| 090 | 0 | 0 | |a 915.403 |b GRO |
| 100 | 1 | |a Grousset, Rene | |
| 245 | 1 | 4 | |a The civilizations of the east : |b an indepth study of Asiatic Arts & cultures from the earliest timesto the dawn of modern era |
| 260 | |a New Delhi : |b Aryan Books , |c 1995 | ||
| 300 | |a 301p. ; |c 23cm. | ||
| 999 | |a 052795 |b ENSIKLOPEDIA DEWASA |c RUJUKAN |e PERPUSTAKAAN KOMUNITI PETALING JAYA | ||